000 00297nam a22001337a 4500
008 181207b xxu||||| |||| 00| 0 eng d
020 _a0387902066
041 _aeng
080 _a510
100 _a36
101 _aMAT
245 _aFunctions of Several Variables
_cFleming,W
942 _2udc
_cBK
999 _c53032
_d53032